000
00435nam a2200133Ia 4500
008
100328s9999 xx 000 0 und d
082
_b
17452
100
_a
पंडित प्रकाश
245
_a
जिगर मुरादाबादी
260
_b
शिक्षा भारती
630
_a
जिगर मुरादाबादी
730
_a
जिगर मुरादाबादी
942
_c
BOOK
999
_c
512024
_d
512021